000 00223 a2200097 4500
001 39785
100 _aShaukat Ali
245 _aDictionary Mazameen Al Quran
260 _aLahore
_bMaqbool Academy
_c
090 _c24792
_d24792
942 _aNUST-CAE
_cM
_c16438
999 _c274858
_d274858